World Facts - Statistics

General Stats
  • This quiz has been taken 30 times
  • The average score is 12 of 15
Answer Stats
Hint Answer % Correct
Which country has the largest population? China
100%
What is the largest and deepest Ocean in the world? Pacific Ocean
100%
What is the biggest country in the world by area? Russia
95%
What is the most commonly spoken language in Africa? Swahili
95%
Which colour is never used in any country flag? Purple
90%
Which 2 countries have the colour pink in their Flags? Spain and Mexico
90%
What is the smallest country in the world by area? Vatican City
90%
Which continent has experienced the coldest temperature? Antarctica
86%
Which country has the only flag with more than 4 sides? Nepal
81%
Which country is furthest south on a Map? (Antarctica isn't a country) Chile
76%
What is the biggest Continent? Asia
71%
Which country is furthest north on a Map? (Arctic is not a country) Denmark
67%
What is the most visited country in the world? France
62%
Which Country has experienced the warmest temperature? USA
62%
In which country are the NATO headquarters? Belgium
57%
No matching quizzes found
Score Distribution
Percent of People with Each Score
Percentile by Number Answered
Your Score History
You have not taken this quiz